| 000 | 00529nam a2200181Ia 4500 | ||
|---|---|---|---|
| 008 | 151018s9999 xx 000 0 und d | ||
| 082 |
_bRBASDV5195 _a891.463 |
||
| 100 | _aवि श पारगावकर | ||
| 245 | _aललाट | ||
| 250 | _b1 | ||
| 260 |
_bइमानदार बंधू प्रकाशन _c1962 |
||
| 300 | _a133 | ||
| 600 | _aवि श पारगावकर | ||
| 630 | _aललाट | ||
| 700 | _aवि श पारगावकर | ||
| 730 | _aललाट | ||
| 942 | _cBOOK | ||
| 999 |
_c1007578 _d1007575 |
||